000 00856nam a22002297a 4500
003 DO-SdBNP
005 20240223162825.0
007 ta
008 211014b2020 dr ||||| |||| 00| 0 eng d
020 _a9789945591873
040 _aDO-SdBNP
_bspa
_cBNPHU
110 1 _aRepública Dominicana.
_bMinisterio de Salud Pública .
_bViceministerio de Garantía de la Calidad
_980212
245 0 0 _aGuía para la prevención de eventos adversos prioritarios en establecimientos de salud /
_ccuidado de edición Francini Placencia, Hernán Rodríguez
260 _aSanto Domingo :
_bMinisterio de salud pública,
_c2020.
300 _a48 p. ;
_c26 cm.
504 _aBiblioigrafía : p. 46
590 _aInventariado, 2021/BT
700 1 _aPlacencia, Francini,
_eed.
_977840
700 1 _aRodríguez, Hernán,
_eed.
_977854
910 _aBtavárez
942 _2ddc
_cLBS1
999 _c50750
_d50750